000 00707nam a2200205Ii 4500
003 JO-AjNU
008 230605s9999||||xx |||||||||||||| ||und||
017 _a30696
040 _aJO-AjNU
_bara
_erda
_cJO-AjNU
041 _aara
050 1 4 _aBP170.85.G426 1984
100 3 _aالغزالي، محمد,
_eauthor
_915182
245 0 0 _aمستقبل الإسلام خارج أرضه كيف نفكر فيه؟
264 3 1 _aعمان: مؤسسة الشرق للعلاقات العامة والنشر والترجمة، 1984
300 _a212ص
336 _atext
_btxt
_2rdacontent
337 _aunmediated
_bn
_2rdamedia
338 _avolume
_bnc
_2rdacarrier
650 4 _aالدعوة الاسلامية
_915183
999 _aA4227
_c7795
_d7795